[Event "AUTO-ADV-1707"]
[Site "http://www.queenalice.com/game.php?id=752959"]
[Date "2010.3.28"]
[Round "1"]
[White "CCapivara"]
[Black "zpawn"]
[Result "1-0"]
[WhiteElo "2118"]
[BlackElo "1758"]

1. e4 e5 2. f4 d6 3. Nf3 h6 4. fxe5 dxe5 5. Bc4 Nc6 6. O-O g5 7. d3 Bc5+ 8. Kh1
g4 9. Nfd2 Qh4 10. Bxf7+ Kd8 11. Qe1 g3 12. Qxg3 Qxg3 13. hxg3 h5 14. Nf3 Bg4
15. Nc3 Bxf3 16. gxf3 h4 17. Kg2 Nf6 18. Bg5 Be7 19. Bxh4 Nd7 20. Bxe7+ Nxe7 21.
Rh1 Rf8 22. Bb3 c6 23. Rh7 b5 24. Rah1 Kc7 25. Rxe7 b4 26. Na4 Rfd8 27. Rhh7 Kd6
28. Re6+ Kc7 29. Nc5 a5 30. Ree7 1-0

[Event "AUTO-ADV-1707"]
[Site "http://www.queenalice.com/game.php?id=752960"]
[Date "2010.3.28"]
[Round "1"]
[White "zpawn"]
[Black "CCapivara"]
[Result "1-0"]
[WhiteElo "1718"]
[BlackElo "2059"]

1. d4 d5 2. h3 Nf6 3. f3 Nh5 4. e4 Ng3 5. Rh2 dxe4 6. fxe4 e5 7. d5 Bc5 8. Nf3
Nxf1 9. Kxf1 O-O 10. a3 Qh4 11. Nxh4 c6 12. d6 Be6 13. Nf5 Nd7 14. Qg4 g6 15.
Qg5 Bxf5 16. exf5 Bxd6 17. Ke2 f6 18. Qd2 1-0

[Event "AUTO-ADV-1707"]
[Site "http://www.queenalice.com/game.php?id=752975"]
[Date "2010.3.28"]
[Round "1"]
[White "Definitivo_Cleverton"]
[Black "zpawn"]
[Result "0-1"]
[WhiteElo "1771"]
[BlackElo "1699"]

1. d4 d5 2. c4 e6 3. Nc3 Bb4 4. e3 h5 5. Be2 Bxc3+ 6. bxc3 Bd7 7. Nf3 Nc6 8. O-O
g5 9. cxd5 exd5 10. Qb3 Nf6 0-1

[Event "AUTO-ADV-1707"]
[Site "http://www.queenalice.com/game.php?id=752976"]
[Date "2010.3.28"]
[Round "1"]
[White "zpawn"]
[Black "Definitivo_Cleverton"]
[Result "1-0"]
[WhiteElo "1678"]
[BlackElo "1792"]

1. Nf3 Nf6 2. h3 g6 3. d3 Bg7 4. e4 d6 5. g4 Nc6 6. a3 a6 7. g5 Nd7 8. d4 e6 9.
c3 O-O 10. b4 b5 11. h4 1-0

[Event "AUTO-ADV-1707"]
[Site "http://www.queenalice.com/game.php?id=752987"]
[Date "2010.3.28"]
[Round "1"]
[White "zpawn"]
[Black "ljkhalil"]
[Result "0-1"]
[WhiteElo "1765"]
[BlackElo "2002"]

1. d4 d5 2. f3 Bf5 3. e3 Nc6 4. Bb5 Qd7 5. g4 Bg6 6. Bd2 a6 7. Bxc6 Qxc6 8. Na3
O-O-O 9. Nh3 e6 10. b4 Qa4 11. c4 Qxa3 12. Qb3 Qxb3 13. axb3 dxc4 14. bxc4 Bd3
15. Ng5 Nh6 16. c5 Be7 17. e4 Bxg5 18. Bxg5 Rxd4 19. Bxh6 gxh6 20. b5 Bxb5 21.
e5 Rd5 22. f4 Rxc5 23. h4 Rd5 24. g5 Rd4 25. Rd1 Rxf4 26. gxh6 Re4+ 27. Kf2 Rxe5
28. Rhg1 Rh5 29. Rg7 Be8 30. Rd4 a5 31. Ke3 a4 32. Rg2 Ra5 33. Ra2 b5 34. Kd3 c6
35. Kc3 c5 36. Rd1 Rg8 37. Rdd2 Rg3+ 38. Kc2 b4 39. Ra1 b3+ 0-1

[Event "AUTO-ADV-1707"]
[Site "http://www.queenalice.com/game.php?id=752988"]
[Date "2010.3.28"]
[Round "1"]
[White "ljkhalil"]
[Black "zpawn"]
[Result "1-0"]
[WhiteElo "1927"]
[BlackElo "1671"]

1. d4 d5 2. Bg5 f6 3. Bh4 g5 4. Bg3 Bf5 5. Nc3 a6 6. e3 h5 7. h4 g4 8. Bd3 Bxd3
9. Qxd3 Nc6 10. Qg6+ Kd7 11. Nxd5 e5 12. dxe5 fxe5 13. Bxe5 Nxe5 14. Qf5+ Kd6
15. Nb6 Kc6 16. Nxa8 Nc4 17. Rd1 Nxb2 18. Rxd8 1-0

[Event "Challenge"]
[Site "http://www.queenalice.com/game.php?id=759512"]
[Date "2010.4.11"]
[Round "-"]
[White "zpawn"]
[Black "kingdave"]
[Result "0-1"]
[WhiteElo "1756"]
[BlackElo "2056"]

1. Nf3 Nc6 2. a3 e5 3. e4 Nf6 4. Nc3 d5 5. Bb5 a6 6. Bxc6+ bxc6 7. exd5 Bg4 8.
dxc6 e4 9. Qe2 Qe7 10. O-O exf3 11. Qxe7+ Bxe7 12. Re1 fxg2 13. Kxg2 Be6 14. d3
O-O 15. Bg5 h6 16. Bxf6 Bxf6 17. Ne4 Bd5 18. c3 Bxc6 19. f3 Be7 20. b4 a5 21.
Nc5 Bxc5 22. bxc5 Rfe8 23. Red1 Re3 24. Rf1 Rxd3 25. Kg1 Rxc3 26. f4 Rxc5 27. f5
f6 28. h4 Be4 29. Rf4 Bxf5 30. Kf2 Rb8 31. Re1 Rb2+ 32. Kg1 Rb1 0-1

[Event "Challenge"]
[Site "http://www.queenalice.com/game.php?id=771710"]
[Date "2010.5.6"]
[Round "-"]
[White "bhblakie"]
[Black "zpawn"]
[Result "1-0"]
[WhiteElo "2238"]
[BlackElo "1754"]

1. e4 d5 2. Nc3 d4 3. Nce2 e5 4. Nf3 Nc6 5. d3 Bg4 6. Ng3 g6 7. Be2 Bxf3 8. Bxf3
Bb4+ 9. Bd2 h5 10. a3 Bxd2+ 11. Qxd2 h4 12. Ne2 g5 13. Bg4 Nh6 14. h3 Nxg4 15.
hxg4 f6 16. O-O-O a5 17. Kb1 b5 18. g3 h3 19. Rh2 b4 20. a4 Qd7 21. Rdh1 Qxg4
22. Ng1 b3 23. c4 Nb4 24. Rxh3 Rxh3 25. Nxh3 O-O-O 26. Ng1 f5 27. f3 Qxg3 28.
exf5 g4 29. fxg4 Qxg4 30. Ne2 Qxf5 31. Nc1 e4 32. Qd1 exd3 33. Nxb3 d2+ 34. Ka1
Nc2+ 35. Ka2 Qd3 36. Qxd2 Nb4+ 37. Ka3 Qxc4 38. Rc1 Qd5 39. Nxa5 Na6 40. Nc6
Qd6+ 41. b4 Re8 42. Qxd4 Qxd4 43. Nxd4 Re3+ 44. Nb3 Kb7 45. b5 Nb8 46. Kb4 Nd7
47. Rd1 c5+ 48. Nxc5+ Nxc5 49. Kxc5 Re4 50. Rd7+ Kb8 51. a5 1-0

[Event "Challenge"]
[Site "http://www.queenalice.com/game.php?id=785928"]
[Date "2010.6.5"]
[Round "-"]
[White "zpawn"]
[Black "bhblakie"]
[Result "0-1"]
[WhiteElo "1756"]
[BlackElo "2252"]

1. d4 g6 2. g4 d5 3. g5 Bg7 4. c3 h6 5. Bh3 Bxh3 6. Nxh3 Nc6 7. b4 e5 8. Qa4
exd4 9. b5 Ne5 10. b6+ Nc6 11. bxc7 Qxc7 12. Bf4 Qd7 13. gxh6 Nxh6 14. Ng5 Qg4
15. Bd2 dxc3 16. Qxg4 cxd2+ 17. Nxd2 Nxg4 18. Rb1 Nxh2 19. Rxb7 Nf3+ 0-1

[Event "Battle of Eastgate"]
[Site "http://www.queenalice.com/game.php?id=786165"]
[Date "2010.6.5"]
[Round "-"]
[White "kingdave"]
[Black "zpawn"]
[Result "1-0"]
[WhiteElo "2061"]
[BlackElo "1754"]

1. b4 b5 2. Bb2 f6 3. e4 a6 4. d4 d5 5. Bd3 c6 6. Nf3 g5 7. e5 Bg4 8. h3 Bxf3 9.
Qxf3 Kd7 10. exf6 exf6 11. a3 Qe7+ 12. Be2 Nh6 13. O-O f5 14. Nd2 Qd6 15. Bd3
Kc7 16. Bxf5 Qf4 17. Qxf4+ gxf4 18. Bd3 Bg7 19. Rae1 Nd7 20. Re7 Bf6 21. Rxh7
Rxh7 22. Bxh7 Rh8 23. Bd3 Bg5 24. Bc1 Rg8 25. Nf3 Nf7 26. Nxg5 Nxg5 27. Bxf4+
Kb7 28. Bxg5 Rxg5 29. f4 Rg7 30. f5 Rf7 31. g4 Nf6 32. g5 1-0

[Event "QA-ANNIV-06"]
[Site "http://www.queenalice.com/game.php?id=791008"]
[Date "2010.6.16"]
[Round "1"]
[White "zpawn"]
[Black "Eduardomoreto67"]
[Result "0-1"]
[WhiteElo "1750"]
[BlackElo "2108"]

1. d4 Nf6 2. f3 d5 3. g4 c5 4. Bf4 cxd4 5. Bxb8 Rxb8 6. Qxd4 a6 7. Bh3 Qc7 8.
Na3 e5 9. Qd2 Bxa3 10. bxa3 d4 11. g5 Bxh3 12. Nxh3 Nd5 13. f4 Ne3 14. Rg1 Nxc2+
15. Kf2 Nxa1 16. Rxa1 Ke7 17. Rc1 Qd6 18. a4 Rhc8 19. Rxc8 Rxc8 20. f5 e4 21.
Ke1 e3 22. Qb2 Qxh2 23. Qb4+ Ke8 24. Kd1 Qh1+ 0-1

[Event "Challenge"]
[Site "http://www.queenalice.com/game.php?id=793970"]
[Date "2010.6.23"]
[Round "-"]
[White "bhblakie"]
[Black "zpawn"]
[Result "1-0"]
[WhiteElo "2270"]
[BlackElo "1748"]

1. e4 e5 2. Nf3 Nc6 3. d4 d6 4. Bb5 Bd7 5. d5 Nce7 6. Bxd7+ Qxd7 7. Nc3 a6 8.
Be3 h6 9. Qd3 Nf6 10. O-O-O g5 11. h4 g4 12. Nd2 h5 13. Kb1 Bh6 14. Bg5 Bxg5 15.
hxg5 Nh7 16. Rxh5 Ng6 17. Qe3 Nf4 18. Rh6 Nxg2 19. Qg3 Nf4 20. Rdh1 O-O-O 21.
Rxh7 b5 22. Rxh8 Ng6 23. Rxd8+ Kxd8 24. Nd1 a5 25. Ne3 1-0

[Event "AUTO-INT-1617"]
[Site "http://www.queenalice.com/game.php?id=802551"]
[Date "2010.7.12"]
[Round "2"]
[White "QuinhoFogo"]
[Black "zpawn"]
[Result "0-1"]
[WhiteElo "1762"]
[BlackElo "1730"]

1. e4 e5 2. Nf3 Nc6 3. Bc4 a6 4. d4 d6 5. d5 Na5 6. b3 b5 7. b4 Nxc4 8. O-O h6
9. Na3 g5 10. Nxc4 bxc4 11. c3 g4 12. Nd2 h5 13. f3 g3 14. hxg3 h4 15. g4 h3 16.
gxh3 Rxh3 17. Kf2 Qh4+ 18. Ke2 Rh2+ 19. Ke3 Bh6+ 20. f4 Qg3+ 0-1

[Event "AUTO-INT-1617"]
[Site "http://www.queenalice.com/game.php?id=802552"]
[Date "2010.7.12"]
[Round "2"]
[White "zpawn"]
[Black "QuinhoFogo"]
[Result "1-0"]
[WhiteElo "1747"]
[BlackElo "1745"]

1. d4 d5 2. Nf3 Nc6 3. a3 Bg4 4. h3 Bxf3 5. exf3 e5 6. Bb5 a6 7. Bxc6+ bxc6 8.
b4 e4 9. h4 exf3 10. Qxf3 Qe7+ 11. Be3 a5 12. b5 cxb5 13. Qxd5 b4 14. Qxa8+ Kd7
15. Qxa5 Nf6 16. Qb5+ Kc8 17. axb4 Qxb4+ 18. Qxb4 Bxb4+ 19. c3 Bd6 20. Ra8+ 1-0

[Event "AUTO-INT-1617"]
[Site "http://www.queenalice.com/game.php?id=802555"]
[Date "2010.7.12"]
[Round "2"]
[White "zpawn"]
[Black "Korchnoico"]
[Result "0-1"]
[WhiteElo "1763"]
[BlackElo "1762"]

1. d4 d5 2. Nf3 e6 3. a3 Nf6 4. Bg5 Be7 5. e3 O-O 6. Bxf6 Bxf6 7. Bd3 g6 8. h4
Bg7 9. g4 f5 10. g5 Nc6 11. b4 Qe7 12. Nc3 Nd8 13. Ne5 Bxe5 14. dxe5 b6 15. b5
c6 16. f4 c5 17. a4 c4 18. Be2 Bb7 19. Rg1 Kh8 20. h5 a6 21. hxg6 hxg6 22. Rh1+
Kg7 23. Bh5 Rh8 24. bxa6 d4 25. axb7 Nxb7 26. exd4 Rad8 27. Ne2 Rxh5 28. Rxh5
gxh5 29. Ng1 Qb4+ 30. Kf1 Qc3 31. Rb1 Rxd4 32. Qxh5 Rxf4+ 33. Kg2 Qxc2+ 34. Kh1
Qe4+ 35. Kh2 Rh4+ 36. Qxh4 Qxh4+ 37. Nh3 Qd4 0-1

[Event "AUTO-INT-1617"]
[Site "http://www.queenalice.com/game.php?id=802556"]
[Date "2010.7.12"]
[Round "2"]
[White "Korchnoico"]
[Black "zpawn"]
[Result "1-0"]
[WhiteElo "1743"]
[BlackElo "1746"]

1. c4 c5 2. e4 e5 3. d3 g5 4. Qh5 h6 5. h4 Nf6 6. Qd1 Nc6 7. hxg5 Nh7 8. gxh6 a6
9. Qh5 Nf6 10. Qd1 d6 11. Nc3 Ng4 12. f3 Nf6 13. f4 Bg4 14. Be2 Bxe2 15. Ngxe2
Ng4 16. Ng3 Rxh6 17. Qxg4 Nd4 18. Rb1 Rxh1+ 19. Nxh1 b5 20. cxb5 Nxb5 21. Nxb5
Qa5+ 22. Nc3 c4 23. dxc4 Qc5 24. Nd5 Qxc4 25. Nf6+ Kd8 26. Qd7# 1-0

[Event "QA-ANNIV-06"]
[Site "http://www.queenalice.com/game.php?id=836901"]
[Date "2010.9.23"]
[Round "2"]
[White "zpawn"]
[Black "elijose"]
[Result "0-1"]
[WhiteElo "1747"]
[BlackElo "1930"]

1. d4 e6 2. e4 d5 3. e5 c5 4. Bb5+ Bd7 5. Bxd7+ Nxd7 6. a4 Qc7 7. Bd2 cxd4 8. c3
Qxe5+ 9. Qe2 Qxe2+ 10. Nxe2 dxc3 0-1

[Event "Challenge"]
[Site "http://www.queenalice.com/game.php?id=891497"]
[Date "2011.1.26"]
[Round "-"]
[White "Gaberade"]
[Black "zpawn"]
[Result "1-0"]
[WhiteElo "1367"]
[BlackElo "1738"]

1. d4 d5 2. b4 c6 3. Bf4 Na6 4. Nf3 f6 5. e3 g5 6. Bg3 h5 7. h4 g4 8. Nfd2 b5 9.
f3 Nh6 10. Bf4 Bf5 11. Bxh6 Bxh6 12. Qe2 Nxb4 13. e4 Nxc2+ 14. Kd1 Nxa1 15. exf5
Qa5 16. Nb3 Nxb3 17. axb3 Qa1 18. Qc2 Qxd4+ 19. Qd3 Qxd3+ 20. Bxd3 d4 21. Be4
Rc8 22. fxg4 hxg4 23. Nd2 Be3 24. Nf1 c5 25. Bb7 Rc7 26. Bd5 Rh5 27. g3 Rd7 28.
Be6 Rd6 29. Bc8 c4 30. Nxe3 dxe3+ 31. Kc1 Rd2 32. Ba6 cxb3 33. Bxb5+ Kd8 34. Bc4
b2+ 35. Kb1 Rxf5 36. Rc1 Rc5 37. h5 bxc1=Q+ 38. Kxc1 1-0